[Event "Bay Area International"]
[Site "?"]
[Date "2019.01.04"]
[Round "5"]
[White "Arne, Mike"]
[Black "SantAnna, Paulo"]
[Result "1-0"]
[WhiteElo "2124"]
[BlackElo "1871"]
[PlyCount "51"]
[EventDate "2019.??.??"]
[SourceVersionDate "2019.01.04"]

1. c4 c5 2. Nc3 g6 3. Nf3 Bg7 4. g3 Nc6 5. Bg2 d6 6. O-O h5 7. d3 Nh6 8. e4 Bg4
9. h3 Bxf3 10. Bxf3 Qd7 11. Bg2 O-O-O 12. Be3 f5 13. Qd2 h4 14. Rae1 Nf7 15.
Ne2 Kb8 16. b4 b6 17. b5 Nd4 18. Bxd4 cxd4 19. exf5 hxg3 20. Nxg3 Ne5 21. f4
gxf5 22. fxe5 Bxe5 23. Rxe5 dxe5 24. Rxf5 Rdg8 25. Rg5 Rf8 26. Qe2 1-0

[Event "Bay Area International"]
[Site "?"]
[Date "2019.01.04"]
[Round "5"]
[White "Balakrishnan, Praveen"]
[Black "Stukopin, Andrey"]
[Result "1/2-1/2"]
[WhiteElo "2418"]
[BlackElo "2565"]
[PlyCount "164"]
[EventDate "2019.??.??"]
[SourceVersionDate "2019.01.04"]

1. e4 c5 2. Nf3 e6 3. d4 cxd4 4. Nxd4 Nc6 5. Nc3 Qc7 6. Be3 a6 7. Qd2 Nf6 8.
O-O-O Bb4 9. f3 Ne7 10. Nde2 b5 11. Kb1 Ba5 12. Bf4 e5 13. Bg5 b4 14. Na4 b3
15. Nec3 bxa2+ 16. Kxa2 Bb4 17. Kb1 Rb8 18. Bxf6 gxf6 19. Nd5 Nxd5 20. Qxd5 Bb7
21. Qa2 Bc6 22. Bc4 O-O 23. Bb3 Rb5 24. g4 Ra5 25. g5 Kh8 26. gxf6 Rg8 27. Rhg1
Rxg1 28. Rxg1 Qa7 29. Rd1 Qb8 30. Kc1 Qd8 31. c3 Bf8 32. Bc2 Qxf6 33. Qc4 Qxf3
34. Rf1 Bb5 35. Rxf3 Bxc4 36. b3 Bh6+ 37. Kd1 Be6 38. Rd3 Rb5 39. Rd6 a5 40. c4
Rb8 41. Bd3 Rg8 42. Bf1 Be3 43. Nc3 Rg1 44. Ke2 Bd4 45. Nb5 Bc5 46. Rd3 Rg4 47.
Nc3 Rf4 48. Bh3 Bd4 49. Bxe6 fxe6 50. Rh3 Bxc3 51. Rxc3 Rxe4+ 52. Kf2 Rf4+ 53.
Kg2 Kg7 54. c5 Rf8 55. Rd3 Rd8 56. Kf3 Kf6 57. Ke4 Ke7 58. Rh3 Rc8 59. Rxh7+
Kf6 60. Rxd7 Rxc5 61. Rd3 Rb5 62. Rf3+ Ke7 63. Rd3 Kf7 64. Rf3+ Ke7 65. Rd3 Rc5
66. h4 Rb5 67. Rh3 Kd6 68. Rd3+ Ke7 69. Rh3 Kf6 70. Rf3+ Kg6 71. Rg3+ Kh5 72.
Rg5+ Kxh4 73. Rxe5 Rb4+ 74. Kd3 Rxb3+ 75. Kd2 Rb2+ 76. Kd3 Rb3+ 77. Kd2 Rb6 78.
Rxa5 Kg4 79. Ke3 Rb1 80. Re5 Rf1 81. Ke2 Rf6 82. Ke3 Rf3+ 1/2-1/2

[Event "Bay Area International"]
[Site "?"]
[Date "2019.01.04"]
[Round "5"]
[White "Banik, Siddharth"]
[Black "Li, Eric"]
[Result "1-0"]
[WhiteElo "2276"]
[BlackElo "2007"]
[PlyCount "89"]
[EventDate "2019.??.??"]
[SourceVersionDate "2019.01.04"]

1. e4 e5 2. Nf3 Nc6 3. Bb5 Nf6 4. d3 Bc5 5. c3 O-O 6. O-O d6 7. Bg5 h6 8. Bh4
Bg4 9. h3 Bh5 10. Nbd2 g5 11. Bg3 Bb6 12. a4 a6 13. Bxc6 bxc6 14. a5 Ba7 15.
Re1 Qd7 16. d4 exd4 17. cxd4 Bxd4 18. Qc2 Ba7 19. Qc3 Nh7 20. Rac1 f5 21. exf5
Rxf5 22. Qb3+ Bf7 23. Qb7 Qc8 24. Qxc6 Rxa5 25. Bxd6 Bd5 26. Qc3 Bb6 27. Re7
Bf7 28. Ne5 Rxe5 29. Qxe5 Qf8 30. Bxc7 Bxf2+ 31. Kh1 Re8 32. Bd6 Rxe7 33. Bxe7
Qa8 34. Qf5 Qa7 35. Rc8+ Kg7 36. Qe5+ Kg6 37. Rc6+ Kh5 38. g4+ Kh4 39. Rxh6+
Bh5 40. Kg2 Qb7+ 41. Qe4 Qxe4+ 42. Nxe4 Nf6 43. Bxf6 Bg3 44. Nxg3 a5 45. Nf5#
1-0

[Event "Bay Area International"]
[Site "?"]
[Date "2019.01.04"]
[Round "5"]
[White "Betaneli, Alex"]
[Black "Harmon-Vellotti, Luke"]
[Result "1/2-1/2"]
[WhiteElo "2254"]
[BlackElo "2455"]
[PlyCount "62"]
[EventDate "2019.??.??"]
[SourceVersionDate "2019.01.05"]

1. c4 e5 2. g3 Nc6 3. Nc3 g6 4. Bg2 Bg7 5. e3 d6 6. Nge2 f5 7. d3 Nf6 8. O-O
O-O 9. b3 h6 10. Bb2 Ne7 11. Qd2 Rb8 12. f4 Be6 13. Nd1 Nd7 14. Nf2 a6 15. Rad1
exf4 16. exf4 Nf6 17. Nd4 Bf7 18. Rfe1 Qd7 19. Re2 c6 20. Rde1 Rbe8 21. Bc3 Nc8
22. Qb2 Rxe2 23. Rxe2 Re8 24. Rxe8+ Nxe8 25. Nf3 Qe7 26. Bxg7 Nxg7 27. Kf1 Nb6
28. Nd1 Nd7 29. Qe2 Qf6 30. Qb2 Qe7 31. Qe2 Qf6 1/2-1/2

[Event "Bay Area International"]
[Site "?"]
[Date "2019.01.04"]
[Round "5"]
[White "Brown, Michael"]
[Black "Kiewra, Keaton"]
[Result "1/2-1/2"]
[WhiteElo "2524"]
[BlackElo "2362"]
[PlyCount "79"]
[EventDate "2019.??.??"]
[SourceVersionDate "2019.01.04"]

1. d4 d5 2. c4 e6 3. Nc3 Nf6 4. cxd5 Nxd5 5. e4 Nxc3 6. bxc3 c5 7. Nf3 cxd4 8.
cxd4 Bb4+ 9. Bd2 Bxd2+ 10. Qxd2 O-O 11. Bc4 b6 12. O-O Bb7 13. Rfe1 Nd7 14.
Rad1 Rc8 15. Bb3 h6 16. h3 Nf6 17. Qf4 Qc7 18. Qh4 Qd8 19. Qf4 Qc7 20. Qh4 Qd8
21. Re3 Rc7 22. d5 exd5 23. e5 Nh7 24. Qg3 Ng5 25. Nd4 Ne6 26. Nb5 Rd7 27. Nd6
Qg5 28. Qxg5 hxg5 29. Nxb7 Rxb7 30. Rxd5 Re8 31. Rd6 Nc5 32. Bd5 Rbe7 33. Rf3
Ne6 34. Rg3 Rc8 35. Kh2 Rc5 36. Bxe6 Rxe6 37. Rd8+ Kh7 38. Rd7 Rexe5 39. Rxf7
Rf5 40. Rxa7 1/2-1/2

[Event "Bay Area International"]
[Site "?"]
[Date "2019.01.04"]
[Round "5"]
[White "Chambers, Ezra"]
[Black "Macieja, Bartlomiej"]
[Result "0-1"]
[WhiteElo "2360"]
[BlackElo "2509"]
[PlyCount "72"]
[EventDate "2019.??.??"]
[SourceVersionDate "2019.01.05"]

1. e4 c5 2. Nf3 e6 3. Nc3 Nc6 4. g3 d6 5. Bg2 e5 6. O-O g6 7. Nd5 Bg7 8. b4
cxb4 9. a3 bxa3 10. Bxa3 Nge7 11. Ne3 b5 12. c3 a5 13. d4 Ba6 14. d5 b4 15. Bb2
Bxf1 16. Bxf1 Nb8 17. cxb4 O-O 18. Nc4 a4 19. Rxa4 Rxa4 20. Qxa4 Nc8 21. b5 Nd7
22. Qb4 Ndb6 23. Nxb6 Qxb6 24. Nd2 Na7 25. Qa4 Nxb5 26. Nc4 Qc5 27. Na5 Nc3 28.
Qc6 Nxe4 29. Qxc5 dxc5 30. Nc6 Ra8 31. f3 Nd6 32. Bc1 c4 33. f4 e4 34. Ne5 c3
35. Kf2 Ra1 36. Be3 c2 0-1

[Event "Bay Area International"]
[Site "?"]
[Date "2019.01.04"]
[Round "5"]
[White "Chandra, Akshat"]
[Black "Shetty, Atulya"]
[Result "1/2-1/2"]
[WhiteElo "2492"]
[BlackElo "2401"]
[PlyCount "83"]
[EventDate "2019.??.??"]
[SourceVersionDate "2019.01.04"]

1. e4 e6 2. d4 d5 3. Nc3 Nf6 4. Bg5 Be7 5. e5 Nfd7 6. h4 Bxg5 7. hxg5 Qxg5 8.
Nh3 Qe7 9. Nf4 Qb4 10. a3 Qe7 11. Qg4 g6 12. O-O-O Nc6 13. Qg3 Nb6 14. Bb5 Bd7
15. Rh6 O-O-O 16. Bxc6 Bxc6 17. Rdh1 Rdg8 18. Rxh7 Qf8 19. Nd1 Nc4 20. Ne3 Rxh7
21. Rxh7 Rh8 22. Rxh8 Qxh8 23. Nh3 Nxe3 24. Qxe3 Qh5 25. b3 Qg4 26. Ng5 Be8 27.
g3 b6 28. Nh7 Qh3 29. Nf6 Bc6 30. Kb2 Qf1 31. Qd2 a5 32. a4 Kb7 33. Ng4 Be8 34.
Ne3 Qh1 35. Qd3 Qe1 36. Ng4 Bc6 37. Qe3 Qd1 38. f3 Qh1 39. Qf4 Qg1 40. Ne3 Qe1
41. Ng4 Bxa4 42. bxa4 1/2-1/2

[Event "Bay Area International"]
[Site "?"]
[Date "2019.01.04"]
[Round "5"]
[White "Cline, John"]
[Black "Gaffagan, Steven"]
[Result "1-0"]
[WhiteElo "2272"]
[BlackElo "1996"]
[PlyCount "103"]
[EventDate "2019.??.??"]
[SourceVersionDate "2019.01.04"]

1. e4 e5 2. Nf3 Nc6 3. Bb5 a6 4. Ba4 Nf6 5. O-O Be7 6. Re1 b5 7. Bb3 d6 8. c3
O-O 9. h3 Nb8 10. d4 Nbd7 11. Nbd2 Bb7 12. Bc2 Re8 13. Nf1 Bf8 14. Ng3 g6 15.
b3 c6 16. Bb2 Qc7 17. a4 Bg7 18. Qd2 Rad8 19. axb5 axb5 20. Bd3 d5 21. exd5
Nxd5 22. c4 Nf4 23. Bf1 exd4 24. Rxe8+ Rxe8 25. Bxd4 Bh6 26. Kh2 c5 27. Bb2 b4
28. Rd1 Bc6 29. Ba1 f6 30. Qd6 Qxd6 31. Rxd6 Re6 32. Rd1 Bf8 33. Ne1 Bd6 34.
Kg1 Kf7 35. Nc2 h5 36. h4 Nb6 37. Ne3 f5 38. Nh1 g5 39. Nxf5 Be5 40. hxg5 Kg6
41. Ne3 Bxa1 42. Rxa1 h4 43. g3 hxg3 44. Nxg3 Kxg5 45. Rd1 Bf3 46. Rd8 Rf6 47.
Rg8+ Ng6 48. Bd3 Kh6 49. Bxg6 Rxg6 50. Nef5+ Kh7 51. Rxg6 Kxg6 52. Nh4+ 1-0

[Event "Bay Area International"]
[Site "?"]
[Date "2019.01.04"]
[Round "5"]
[White "Colas, Joshua"]
[Black "Talyansky, Seth"]
[Result "*"]
[WhiteElo "2309"]
[BlackElo "2201"]
[PlyCount "121"]
[EventDate "2019.??.??"]
[SourceVersionDate "2019.01.04"]

1. c4 e6 2. Nf3 d5 3. g3 dxc4 4. Qa4+ Nd7 5. Qxc4 a6 6. Qb3 b5 7. Bg2 Bb7 8.
O-O c5 9. d3 Ngf6 10. Nc3 Rc8 11. Rd1 Be7 12. a4 b4 13. Ne4 Nxe4 14. dxe4 c4
15. Qc2 Qa5 16. Be3 Nf6 17. e5 Be4 18. Qc1 Nd5 19. Bg5 Bxg5 20. Nxg5 Bxg2 21.
Kxg2 Qc7 22. e4 Ne7 23. Nxf7 Kxf7 24. Qf4+ Ke8 25. Rd6 c3 26. bxc3 bxc3 27. Qg4
Rg8 28. Qxe6 c2 29. Rc1 Rf8 30. a5 Qb7 31. f3 Rf7 32. Rd2 Rc6 33. Qa2 Rc3 34.
Rcxc2 Rfxf3 35. Qa4+ Qb5 36. Qxb5+ axb5 37. Ra2 Nc6 38. a6 Na7 39. Rd6 Rfd3 40.
Re6+ Kd7 41. Rb6 Ke7 42. e6 Nc8 43. Rb7+ Kxe6 44. a7 Nxa7 45. Raxa7 Rd2+ 46.
Kh3 Rcc2 47. Ra6+ Ke5 48. Rxb5+ Kxe4 49. Ra4+ Rd4 50. Rxd4+ Kxd4 51. Rb7 g6 52.
Rxh7 Ke5 53. Rf7 Ke6 54. Rf3 Rc8 55. Kg4 Rh8 56. Kg5 Rxh2 57. Kxg6 Ke5 58. g4
Ra2 59. g5 Ra7 60. Kh6 Ke6 61. g6 *

[Event "Bay Area International"]
[Site "?"]
[Date "2019.01.04"]
[Round "5"]
[White "Cordova, Emilio"]
[Black "Bruzon, Lazaro"]
[Result "1/2-1/2"]
[WhiteElo "2597"]
[BlackElo "2664"]
[PlyCount "29"]
[EventDate "2019.??.??"]
[SourceVersionDate "2019.01.04"]

1. d4 Nf6 2. Nf3 e6 3. c4 d5 4. g3 Bb4+ 5. Bd2 Be7 6. Bg2 O-O 7. O-O Nbd7 8.
Qc2 c6 9. Rd1 b6 10. Bf4 Bb7 11. Ne5 Nh5 12. Bd2 Nhf6 13. Bf4 Nh5 14. Bd2 Nhf6
15. Bf4 1/2-1/2

[Event "Bay Area International"]
[Site "?"]
[Date "2019.01.04"]
[Round "5"]
[White "Dragun, Kamil"]
[Black "Swiercz, Dariusz"]
[Result "1/2-1/2"]
[WhiteElo "2578"]
[BlackElo "2649"]
[PlyCount "165"]
[EventDate "2019.??.??"]
[SourceVersionDate "2019.01.04"]

1. d4 Nf6 2. Bg5 d5 3. Bxf6 exf6 4. e3 c6 5. g3 Bd6 6. Bg2 O-O 7. Ne2 f5 8. O-O
Be6 9. b3 Nd7 10. Qd3 h5 11. h4 Nf6 12. c4 Ne4 13. c5 Bc7 14. Nd2 g5 15. hxg5
Qxg5 16. Nf4 Kh8 17. Qe2 Nxd2 18. Qxd2 h4 19. Bf3 Kg7 20. Kg2 Rh8 21. Rh1 hxg3
22. fxg3 Rxh1 23. Rxh1 Rh8 24. Rxh8 Kxh8 25. b4 a6 26. a4 Qd8 27. Qb2 Kg7 28.
b5 axb5 29. axb5 Qa8 30. b6 Bd8 31. Be2 Bg5 32. Qb1 Qa3 33. Kf2 Qa8 34. Qh1
Bxf4 35. gxf4 Qh8 36. Qg1+ Kf8 37. Ke1 Ke7 38. Kd2 Qa8 39. Qg5+ Kd7 40. Ke1 Qh8
41. Bf3 Qh3 42. Kf2 Qh2+ 43. Bg2 Qh8 44. Kg3 Qh7 45. Qh4 Qg8+ 46. Kf2 Qg7 47.
Qh1 Kd8 48. Qa1 Bc8 49. Qa8 f6 50. Qb8 Qd7 51. Bf3 Ke7 52. Ke2 Kf8 53. Kd2 Ke7
54. Bh5 Qe6 55. Ke2 Qd7 56. Kf2 Kf8 57. Qd6+ Kg7 58. Ke1 Qe6 59. Kd2 Qd7 60.
Qb8 Kf8 61. Be2 Ke7 62. Bd3 Qe6 63. Qa8 Kf8 64. Qa1 Qg8 65. Kc3 Kf7 66. Qa8 Qe8
67. Kd2 Qd7 68. Qa1 Qe8 69. Qb1 Qg8 70. Qa1 Qe8 71. Qh1 Qg8 72. Be2 Ke7 73. Qa1
Kf7 74. Qa7 Qd8 75. Bh5+ Ke7 76. Qb8 Qd7 77. Ke1 Kf8 78. Kf2 Ke7 79. Kg3 Kf8
80. Qd6+ Kg7 81. Kh4 Qe6 82. Qc7+ Qd7 83. Qxd7+ 1/2-1/2

[Event "Bay Area International"]
[Site "?"]
[Date "2019.01.04"]
[Round "5"]
[White "Escalante Ramirez, Brian"]
[Black "Quesada, Yuniesky"]
[Result "1/2-1/2"]
[WhiteElo "2446"]
[BlackElo "2642"]
[PlyCount "85"]
[EventDate "2019.??.??"]
[SourceVersionDate "2019.01.04"]

1. e4 c5 2. Nc3 Nc6 3. Bb5 Nd4 4. Bc4 a6 5. a4 e6 6. Nge2 Nf6 7. O-O Nxe4 8.
Nxe4 d5 9. Nxd4 cxd4 10. Bd3 dxe4 11. Bxe4 Be7 12. c4 Qc7 13. d3 O-O 14. g3 Bd7
15. f4 Bc6 16. Bf3 a5 17. b3 Rfe8 18. Ra2 Bb4 19. g4 Rad8 20. Rg2 e5 21. fxe5
Qxe5 22. Bxc6 bxc6 23. Qf3 Qe6 24. h4 Rd7 25. h5 Rde7 26. g5 Qd7 27. h6 Re1 28.
Rgf2 Rxf1+ 29. Rxf1 gxh6 30. gxh6 Re6 31. Rf2 Rg6+ 32. Rg2 Qe6 33. Bf4 Qf5 34.
Kf2 Qe6 35. Qe4 Qxe4 36. dxe4 f6 37. Rg3 Kf7 38. Ke2 c5 39. Rxg6 Kxg6 40. Kd3
Kh5 41. Ke2 Kg6 42. Kd3 Kh5 43. Ke2 1/2-1/2

[Event "Bay Area International"]
[Site "?"]
[Date "2019.01.04"]
[Round "5"]
[White "Gabuzyan, Hovhannes"]
[Black "Bai, Jinshi"]
[Result "1/2-1/2"]
[WhiteElo "2605"]
[BlackElo "2572"]
[PlyCount "117"]
[EventDate "2019.??.??"]
[SourceVersionDate "2019.01.04"]

1. Nf3 Nf6 2. b3 g6 3. Bb2 Bg7 4. g3 c5 5. Bg2 d6 6. d4 cxd4 7. Nxd4 d5 8. O-O
O-O 9. c4 dxc4 10. bxc4 Nc6 11. Nxc6 bxc6 12. Nd2 Qa5 13. Nb3 Qh5 14. Bxf6 Bxf6
15. Bxc6 Rb8 16. Rc1 Qe5 17. e3 Bf5 18. Nd4 Bh3 19. Re1 Qc5 20. Bd5 Rb2 21. Qf3
h5 22. Nb3 Qb4 23. c5 Bg4 24. Qg2 Rxa2 25. h3 Be6 26. c6 Bxd5 27. Qxd5 e6 28.
Qc4 Qxc4 29. Rxc4 Rc8 30. Rd1 Ra6 31. Rd7 Raxc6 32. Rxc6 Rxc6 33. Rxa7 Rc2 34.
Rd7 Be5 35. Kg2 Kg7 36. Nd2 Rc7 37. Rd3 g5 38. g4 hxg4 39. hxg4 Bf6 40. Ne4 Kg6
41. Ra3 Be7 42. Ra6 Rb7 43. Kf3 Rb2 44. Ra7 Bb4 45. Rb7 Bc3 46. Rc7 Be1 47. Rc6
Ra2 48. Rb6 Rc2 49. Kg2 Rc4 50. Kf3 Rc2 51. Rd6 Ra2 52. Rd1 f5 53. gxf5+ exf5
54. Rxe1 fxe4+ 55. Kg3 Kf5 56. Rb1 Ra5 57. Rb8 Ra1 58. Rf8+ Kg6 59. Kg2 1/2-1/2

[Event "Bay Area International"]
[Site "?"]
[Date "2019.01.04"]
[Round "5"]
[White "Grabinsky, Aaron"]
[Black "Mont-Reynaud, Jordy"]
[Result "1-0"]
[WhiteElo "2350"]
[BlackElo "2241"]
[PlyCount "83"]
[EventDate "2019.??.??"]
[SourceVersionDate "2019.01.04"]

1. e4 c5 2. Nf3 Nc6 3. Bb5 Na5 4. c3 a6 5. Be2 b5 6. d4 Bb7 7. Bd3 d6 8. O-O
Nf6 9. Re1 Nd7 10. Nbd2 e5 11. d5 Bc8 12. b4 Nb7 13. a4 c4 14. Bc2 Rb8 15. axb5
axb5 16. Nb1 Nf6 17. Be3 Bd7 18. h3 h6 19. Ra6 g5 20. Nh2 g4 21. hxg4 h5 22. g5
Ng4 23. Nxg4 hxg4 24. f4 gxf3 25. Qxf3 Be7 26. Rf1 Rh7 27. g6 fxg6 28. Nd2 Qc8
29. Bd1 Nd8 30. Qg3 Rg7 31. Ra7 Nf7 32. Be2 Qd8 33. Nf3 Ra8 34. Rxa8 Qxa8 35.
Ng5 Nh8 36. Qh2 Nf7 37. Nxf7 Rxf7 38. Rxf7 Kxf7 39. Qh7+ Kf6 40. g3 Qa1+ 41.
Kg2 g5 42. Qh8+ 1-0

[Event "Bay Area International"]
[Site "?"]
[Date "2019.01.04"]
[Round "5"]
[White "Hilby, Craig"]
[Black "Eswaran, Ashritha"]
[Result "1-0"]
[WhiteElo "2445"]
[BlackElo "2227"]
[PlyCount "81"]
[EventDate "2019.??.??"]
[SourceVersionDate "2019.01.05"]

1. d4 Nf6 2. c4 e6 3. Nf3 c5 4. d5 exd5 5. cxd5 d6 6. Nc3 g6 7. Bf4 a6 8. a4
Bg7 9. h3 O-O 10. e3 Qe7 11. Be2 Nbd7 12. O-O b6 13. e4 Ne8 14. Qd2 Ne5 15.
Nxe5 Bxe5 16. Bxe5 dxe5 17. Qe3 Bb7 18. Nb1 Rc8 19. Nd2 Nd6 20. b4 c4 21. Qxb6
c3 22. Nf3 Nxe4 23. Bxa6 Bxa6 24. Qxa6 Qxb4 25. Nxe5 Nc5 26. Qb5 Qxb5 27. axb5
Nb3 28. Ra3 Nd4 29. Nc6 Ne2+ 30. Kh2 c2 31. d6 Kg7 32. Raa1 c1=Q 33. Raxc1 Nxc1
34. Rxc1 Kf6 35. d7 Rcd8 36. Nxd8 Rxd8 37. Rd1 Ke7 38. Kg3 Rb8 39. d8=Q+ Rxd8
40. Rxd8 Kxd8 41. Kf4 1-0

[Event "Bay Area International"]
[Site "?"]
[Date "2019.01.04"]
[Round "5"]
[White "Jacobson, Brandon"]
[Black "Ali Marandi, Cemil Can"]
[Result "1/2-1/2"]
[WhiteElo "2404"]
[BlackElo "2530"]
[PlyCount "197"]
[EventDate "2019.??.??"]

1. Nf3 d5 2. d4 Nf6 3. c4 c6 4. e3 Bf5 5. Nc3 e6 6. Nh4 Be4 7. f3 Bg6 8. Qb3
Qc7 9. Bd2 Be7 10. g3 O-O 11. g4 dxc4 12. Bxc4 c5 13. Nxg6 hxg6 14. d5 exd5 15.
Nxd5 Nxd5 16. Bxd5 Bh4+ 17. Kf1 Nc6 18. Kg2 Ne7 19. Bc4 b5 20. Qxb5 Rab8 21.
Qa5 Qd6 22. Bc3 Nd5 23. Bxd5 Qxd5 24. Qa6 Rfe8 25. Qe2 Qg5 26. e4 f5 27. Rad1
Qe7 28. Qc4+ Kh7 29. Rhf1 fxg4 30. fxg4 Rf8 31. Rxf8 Rxf8 32. Rf1 Rxf1 33. Kxf1
Qf8+ 34. Ke2 Qf2+ 35. Kd1 Qxh2 36. e5 Qg2 37. e6 Be7 38. Qe2 Qd5+ 39. Kc2 c4
40. a3 Kg8 41. Bb4 Bxb4 42. axb4 Qb5 43. Kc3 a5 44. Qxc4 Qe5+ 45. Kb3 axb4 46.
e7+ Kh7 47. Qf7 Qe3+ 48. Kc4 Qe4+ 49. Kc5 Qe5+ 50. Kc6 Qe4+ 51. Kb6 Qd4+ 52.
Ka6 Qd6+ 53. Kb5 Qd7+ 54. Kc4 Qxg4+ 55. Kb5 Qd7+ 56. Ka5 Qa7+ 57. Kxb4 Qd4+ 58.
Kb3 Qd3+ 59. Kb4 Qd2+ 60. Kc5 Qe3+ 61. Kb5 Qe2+ 62. Ka5 Qe5+ 63. Ka4 Qe4+ 64.
b4 Qc2+ 65. Ka5 Qc7+ 66. Kb5 Qe5+ 67. Kc6 Qe4+ 68. Kc7 Qe5+ 69. Kb6 Qd6+ 70.
Ka5 Qc7+ 71. Ka4 Qc2+ 72. Qb3 Qc6+ 73. b5 Qa8+ 74. Kb4 Qe4+ 75. Ka5 Qxe7 76. b6
Qb7 77. Qh3+ Kg8 78. Qe6+ Kh7 79. Qh3+ Kg8 80. Qb3+ Kh7 81. Qc2 Qd5+ 82. Ka6
Qa8+ 83. Kb5 Qe8+ 84. Qc6 Qe2+ 85. Qc4 Qe8+ 86. Qc6 Qe2+ 87. Kc5 Qf2+ 88. Kd6
Qf4+ 89. Kd7 Qf7+ 90. Kd8 Qf8+ 91. Kc7 Qe7+ 92. Kc8 Qf8+ 93. Kb7 Qe7+ 94. Qc7
Qe4+ 95. Kc8 Qa8+ 96. Qb8 Qc6+ 97. Kd8 Qf6+ 98. Kc8 Qe6+ 99. Kc7 1/2-1/2

[Event "Bay Area International"]
[Site "?"]
[Date "2019.01.04"]
[Round "5"]
[White "Javakhadze, Zurabi"]
[Black "Jacobson, Aaron"]
[Result "0-1"]
[WhiteElo "2449"]
[BlackElo "2286"]
[PlyCount "144"]
[EventDate "2019.??.??"]
[SourceVersionDate "2019.01.04"]

1. Nf3 d5 2. g3 g6 3. Bg2 Bg7 4. O-O e5 5. d3 Ne7 6. e4 O-O 7. Nc3 d4 8. Ne2 c5
9. c4 Nbc6 10. Nd2 a6 11. f4 f6 12. a3 Be6 13. h3 b5 14. b3 bxc4 15. bxc4 Rb8
16. g4 g5 17. f5 Bd7 18. h4 h6 19. hxg5 hxg5 20. Kf2 Nc8 21. Rh1 Na5 22. Ng3
Kf7 23. Nf3 Rb3 24. Rh7 Rh8 25. Rxh8 Qxh8 26. Bd2 Ba4 27. Qc1 Nc6 28. Rb1 Qd8
29. Rxb3 Bxb3 30. Bxg5 fxg5 31. Nxg5+ Kg8 32. Ne6 Qh4 33. g5 Bf8 34. Qb2 Na5
35. Qd2 Nc6 36. Kf3 Be7 37. f6 Bxf6 38. gxf6 Qxf6+ 39. Nf5 Qxe6 40. Qg5+ Kf8
41. Bh3 N8e7 42. Qg7+ Ke8 43. Qh8+ Qg8 44. Qf6 Kd8 45. Nxe7 Nxe7 46. Qd6+ Ke8
47. Be6 Qf8+ 48. Ke2 Qf4 49. Qb8+ Nc8 50. Qxc8+ Ke7 51. Qxc5+ Kf6 52. Qd6 Qe3+
53. Kf1 Qxd3+ 54. Kg1 Qg3+ 55. Kh1 Kg5 56. Qf8 Qh4+ 57. Kg1 Qe1+ 58. Kh2 Qe2+
59. Kg3 Qe1+ 60. Kh2 Qh4+ 61. Kg1 Qe1+ 62. Kh2 Qe2+ 63. Kg3 Qe3+ 64. Qf3 Qxf3+
65. Kxf3 Bd1+ 66. Kf2 Kf4 67. c5 Ba4 68. Ke2 Kxe4 69. Kd2 Bb5 70. Bb3 a5 71. a4
Bc6 72. Be6 Bxa4 0-1

[Event "Bay Area International"]
[Site "?"]
[Date "2019.01.04"]
[Round "5"]
[White "Kavutskiy, Konstantin"]
[Black "Somalwar, Anaiy"]
[Result "1/2-1/2"]
[WhiteElo "2424"]
[BlackElo "2069"]
[PlyCount "134"]
[EventDate "2019.??.??"]
[SourceVersionDate "2019.01.04"]

1. Nf3 d5 2. e3 Nf6 3. c4 e6 4. b3 Be7 5. Bb2 O-O 6. Nc3 b6 7. cxd5 exd5 8. d4
c5 9. Be2 Nc6 10. O-O Bb7 11. Rc1 Rc8 12. dxc5 bxc5 13. Na4 Ne4 14. Nd2 Nb4 15.
a3 Na6 16. Nxe4 dxe4 17. Qc2 Nb8 18. Bb5 a6 19. Bc4 Qc7 20. Qe2 Qc6 21. Rfd1
Rfd8 22. Qh5 Qg6 23. Qxg6 hxg6 24. g3 Rxd1+ 25. Rxd1 Bc6 26. Kg2 Bb5 27. Rc1
Nd7 28. h4 Rb8 29. Rd1 Bxa4 30. bxa4 Nb6 31. Bxa6 Nxa4 32. Be5 Rb6 33. Bc4 Bf6
34. Bxf6 Rxf6 35. Rd8+ Kh7 36. Rf8 Nb2 37. Bxf7 c4 38. Bg8+ Kh6 39. Bf7 Kh7 40.
Bg8+ Kh6 41. Rxf6 gxf6 42. Kf1 c3 43. Bb3 Nc4 44. Ke2 Nxa3 45. g4 Nb1 46. Kd1
Nd2 47. Bd5 f5 48. gxf5 gxf5 49. Be6 Kh5 50. Kc2 f4 51. exf4 Kxh4 52. Kxc3 Nf3
53. Kc4 Kh5 54. Kd5 Kg6 55. Kxe4 Nd2+ 56. Ke3 Nb1 57. Bc4 Nc3 58. Kd4 Nd1 59.
Bd3+ Kf6 60. f3 Nf2 61. Ke3 Nd1+ 62. Kd4 Nf2 63. Ke3 Nd1+ 64. Kd2 Nb2 65. Bb5
Kf5 66. Kc2 Kxf4 67. Kxb2 Kxf3 1/2-1/2

[Event "Bay Area International"]
[Site "?"]
[Date "2019.01.04"]
[Round "5"]
[White "Ke, Ivan"]
[Black "Bick, Gabriel"]
[Result "1/2-1/2"]
[WhiteElo "2251"]
[BlackElo "2381"]
[PlyCount "71"]
[EventDate "2019.??.??"]
[SourceVersionDate "2019.01.04"]

1. d4 d5 2. c4 e6 3. Nc3 Nf6 4. cxd5 exd5 5. Bg5 c6 6. e3 Be7 7. Bd3 Nbd7 8.
Nge2 h6 9. Bh4 Nh5 10. Bxe7 Qxe7 11. O-O O-O 12. Qc2 Nhf6 13. Rab1 Nb6 14. b4
a6 15. Ng3 Be6 16. Na4 Nxa4 17. Qxa4 Bd7 18. Qc2 Ne8 19. a4 Nd6 20. e4 dxe4 21.
Nxe4 Nxe4 22. Bxe4 Rfe8 23. f3 Rad8 24. Rfd1 Be6 25. b5 axb5 26. axb5 Bd5 27.
bxc6 bxc6 28. Re1 Qf6 29. Rbd1 Bxe4 30. Rxe4 Rxe4 31. Qxe4 g6 32. h3 Kg7 33.
Kf1 Rd5 34. Rc1 Kh7 35. Rc4 Kg7 36. Qe3 1/2-1/2

[Event "Bay Area International"]
[Site "?"]
[Date "2019.01.04"]
[Round "5"]
[White "Korley, Kassa"]
[Black "O'Connor, Derek"]
[Result "1-0"]
[WhiteElo "2450"]
[BlackElo "2275"]
[PlyCount "69"]
[EventDate "2019.??.??"]
[SourceVersionDate "2019.01.04"]

1. d4 Nf6 2. Nf3 g6 3. g3 Bg7 4. Bg2 O-O 5. O-O d6 6. a4 c6 7. a5 Qc7 8. Nc3 e5
9. e4 Re8 10. h3 Nbd7 11. Re1 Nf8 12. Be3 Ne6 13. d5 Nc5 14. Nd2 cxd5 15. exd5
Bd7 16. Qe2 Rec8 17. Nb5 Bxb5 18. Qxb5 Nfd7 19. b4 Na6 20. c4 f5 21. Rac1 e4
22. f4 Bf8 23. Nb3 Rab8 24. Bxa7 Ra8 25. Be3 Qd8 26. Nd4 Nf6 27. Qa4 Qe7 28.
Qb3 Nh5 29. Bf2 Bg7 30. Ne6 Nc7 31. Nxg7 Nxg7 32. Bd4 Nge8 33. Bf1 Nf6 34. c5
Na6 35. c6 1-0

[Event "Bay Area International"]
[Site "?"]
[Date "2019.01.04"]
[Round "5"]
[White "Kretchetov, Alexandre"]
[Black "Canessa, John"]
[Result "1-0"]
[WhiteElo "2241"]
[BlackElo "1958"]
[PlyCount "45"]
[EventDate "2019.??.??"]
[SourceVersionDate "2019.01.05"]

1. Nf3 Nf6 2. c4 e6 3. Nc3 b6 4. e4 Bb7 5. Bd3 c5 6. Bc2 Nc6 7. d4 cxd4 8. Nxd4
Nxd4 9. Qxd4 Bc5 10. Qd1 Qc7 11. Qe2 Bb4 12. Bd2 Ba6 13. Bd3 Rc8 14. Rc1 Bxc4
15. Nb5 Qe5 16. Bxb4 Qxb5 17. Bd6 Qa6 18. O-O Bxd3 19. Qxd3 Qb7 20. Qg3 Rg8 21.
Rxc8+ Qxc8 22. Qf4 Qc6 23. Rc1 1-0

[Event "Bay Area International"]
[Site "?"]
[Date "2019.01.04"]
[Round "5"]
[White "Kumar, Naman"]
[Black "Watson, John"]
[Result "1/2-1/2"]
[WhiteElo "1868"]
[BlackElo "2203"]
[PlyCount "42"]
[EventDate "2019.??.??"]
[SourceVersionDate "2019.01.04"]

1. e4 e6 2. d4 d5 3. Nd2 c5 4. Ngf3 cxd4 5. exd5 Qxd5 6. Bc4 Qd7 7. O-O Nc6 8.
Nb3 a6 9. Nbxd4 Nxd4 10. Nxd4 Qc7 11. Qe2 Bd6 12. h3 Ne7 13. Be3 O-O 14. Rad1
b5 15. Bb3 Ng6 16. c4 bxc4 17. Qxc4 Bb7 18. Nxe6 Bh2+ 19. Kh1 fxe6 20. Qxe6+
Kh8 21. Rd7 Qc6 1/2-1/2

[Event "Bay Area International"]
[Site "?"]
[Date "2019.01.04"]
[Round "5"]
[White "Kung, Thomas"]
[Black "Virtanen, Teemu"]
[Result "1-0"]
[WhiteElo "2133"]
[BlackElo "2326"]
[PlyCount "81"]
[EventDate "2019.??.??"]
[SourceVersionDate "2019.01.04"]

1. e4 d6 2. d4 Nf6 3. Nc3 c6 4. Nf3 Qa5 5. Bd3 e5 6. h3 Be7 7. O-O O-O 8. a4
Nbd7 9. Re1 Re8 10. Be3 Bf8 11. dxe5 dxe5 12. Bc4 Nc5 13. Bg5 Nh5 14. Bd2 g6
15. Ba2 Qc7 16. Qe2 h6 17. Rad1 Ne6 18. Qc4 a6 19. Qf1 b5 20. g3 Nc5 21. axb5
axb5 22. Ra1 b4 23. Nd1 b3 24. cxb3 Nxb3 25. Ne3 Nxa1 26. Rxa1 Ba6 27. Qb1 Qd7
28. Ng4 Be2 29. Ngxe5 Qxh3 30. Bxf7+ Kg7 31. Bxe8 Bc5 32. Bc3 Qxg3+ 33. Kh1
Qh3+ 34. Nh2 Rxe8 35. Qg1 g5 36. Re1 Nf4 37. Qg3 Qe6 38. Nd3+ Kf7 39. Nxc5 Qc4
40. Qe3 Bh5 41. Qd4 1-0